000
00245nam a22000857a 4500
999
_c
516616
_d
516616
100
_a
Pande A. K.
_9
23155
245
_a
Grit that defied odds :
_b
Reflections of a revenue officer
_c
by A. K. Pande
260
_a
Delhi
_b
Konark Pub.
_c
2008
300
_a
197p.